Ultimate Spanish Quiz - Statistics

General Stats
  • This quiz has been taken 24 times
  • The average score is 123 of 200
Answer Stats
English Spanish % Correct
Numbers five cinco
94%
Numbers four cuatro
94%
Numbers two dos
94%
Colors black negro
94%
10 Basic phrases yes
94%
Numbers three tres
94%
Numbers one uno
94%
Colors white blanco
88%
10 Basic phrases no no
88%
Numbers nine nueve
88%
Numbers eight ocho
88%
Question Words what qué
88%
Colors red rojo
88%
Numbers six seis
88%
Numbers seven siete
88%
Common Verbs to see ver
88%
Colors green verde
88%
10 Basic phrases goodbye adios
81%
Colors yellow amarillo
81%
Colors blue azul
81%
Food/Drink coffee café
81%
Numbers ten diez
81%
10 Basic phrases thank you gracias
81%
Family Members mother madre
81%
Family Members father padre
81%
Food/Drink chicken pollo
81%
10 Basic phrases please por favor
81%
Colors pink rosa
81%
Family Members aunt tía
81%
Family Members uncle tío
81%
Subject Pronouns you (informal)
81%
Months april abril
75%
Food/Drink water agua
75%
Body Parts heart corazón
75%
Adjectives difficult difícil
75%
Days of the week sunday domingo
75%
Subject Pronouns he él
75%
Animals cat gato
75%
Adjectives big grande
75%
Colors grey gris
75%
Family Members sister hermana
75%
Family Members brother hermano
75%
Family Members daughter hija
75%
Family Members son hijo
75%
10 Basic phrases hello hola
75%
Nationalities Italian Italiano
75%
Months july julio
75%
Food/Drink milk leche
75%
Fruits and Vegetables lemon limón
75%
Days of the week monday lunes
75%
Adjectives bad malo
75%
Days of the week wednesday miércoles
75%
Colors orange naranja
75%
Body Parts eye ojo
75%
Food/Drink bread pan
75%
Question Words who quién
75%
Days of the week saturday sábado
75%
Days of the week friday viernes
75%
Subject Pronouns I yo
75%
Household Items bathroom baño
69%
Adjectives good bueno
69%
Around a City street calle
69%
Adjectives tired cansado
69%
Adjectives expensive caro
69%
Question Words when cuándo
69%
10 Basic phrases you're welcome de nada
69%
Subject Pronouns she ella
69%
Around a City school escuela
69%
Nationalities Spanish Español
69%
Adjectives easy fácil
69%
Common Verbs to speak hablar
69%
Food/Drink egg huevo
69%
Common Verbs to go ir
69%
Days of the week thursday jueves
69%
Body Parts hand mano
69%
Fruits and Vegetables apple manzana
69%
Colors brown marrón
69%
Days of the week tuesday martes
69%
Months march marzo
69%
Months may mayo
69%
Nationalities Mexican Mexicano
69%
Months november noviembre
69%
Adjectives new nuevo
69%
Fruits and Vegetables potato patata
69%
Adjectives small pequeño
69%
Animals dog perro
69%
Body Parts foot pie
69%
Common Verbs can/to be able to poder
69%
Common Verbs to know saber/conocer
69%
Months september septiembre
69%
Common Verbs to be ser/estar
69%
Weather sun sol
69%
Fruits and Vegetables tomato tomate
69%
Subject Pronouns you (formal) usted
69%
Numbers twenty veinte
69%
Food/Drink wine vino
69%
Family Members grandmother abuela
63%
Family Members grandfather abuelo
63%
Transportation/Travel bicycle bicicleta
63%
Numbers one hundred cien
63%
Household Items kitchen cocina
63%
Question Words how cómo
63%
Question Words where dónde
63%
Subject Pronouns they (fem) ellas
63%
Subject Pronouns they (masc) ellos
63%
Transportation/Travel station estación
63%
Adjectives happy feliz
63%
Nationalities French Francés
63%
Weather cold frío
63%
Common Verbs to do hacer
63%
Nationalities English Inglés
63%
Numbers one thousand mil
63%
Numbers eighty ochenta
63%
Months october octubre
63%
Around a City park parque
63%
Food/Drink fish pescado
63%
Question Words why por qué
63%
Food/Drink cheese queso
63%
Numbers sixty sesenta
63%
Common Verbs to have tener
63%
Adjectives sad triste
63%
Transportation/Travel plane avión
56%
Food/Drink sugar azúcar
56%
Body Parts mouth boca
56%
10 Basic phrases good evening buenas noches
56%
Animals horse caballo
56%
Household Items bed cama
56%
10 Basic phrases how are you? ¿Cómo está?
56%
Household Items computer computadora
56%
Question Words which cuál
56%
Question Words how many cuántos
56%
Numbers fourty cuarenta
56%
Common Verbs to say decir
56%
Fruits and Vegetables strawberry fresa
56%
Around a City church iglesia
56%
Months june junio
56%
Seasons spring primavera
56%
Common Verbs to want querer
56%
Nationalities Russian Ruso
56%
Numbers seventy setenta
56%
Household Items chair silla
56%
Around a City store/shop tienda
56%
Common Verbs to take tomar/llevar
56%
Numbers thirty treinta
56%
Common Verbs to come venir
56%
Months august agosto
50%
Nationalities German Alemán
50%
Around a City neighborhood barrio
50%
Weather hot calor
50%
Numbers fifty cincuenta
50%
Transportation/Travel car coche
50%
Months december diciembre
50%
Months january enero
50%
Months february febrero
50%
Adjectives smart inteligente
50%
Nationalities Japanese Japonés
50%
Body Parts nose nariz
50%
Numbers ninety noventa
50%
Body Parts leg pierna
50%
Household Items window venttana
50%
Seasons summer verano
50%
Transportation/Travel trip/travel viaje
50%
Adjectives old viejo
50%
Transportation/Travel boat barco
44%
Body Parts arm brazo
44%
Animals pig cerdo
44%
Nationalities Chinese Chino
44%
10 Basic phrases excuse me disculpe
44%
Seasons winter invierno
44%
Food/Drink butter mantequilla
44%
Animals cow vaca
44%
Fruits and Vegetables carrot zanahoria
44%
Body Parts hair cabello
38%
Household Items mirror espejo
38%
Weather snow nieve
38%
Seasons fall otoño
38%
Around a City bridge puente
38%
Animals mouse ratón
38%
Weather wind viento
38%
Transportation/Travel ticket billete
31%
Animals rabbit conejo
31%
Weather rain lluvia
31%
Transportation/Travel suitcase maleta
31%
Colors purple morado
31%
Weather cloud nube
31%
Body Parts ear oreja
31%
Animals bird pájaro
31%
Subject Pronouns we (formal) ustedes
31%
Subject Pronouns we (informal) vosotros
31%
Household Items carpet alfombra
25%
Household Items bedroom dormitorio
25%
Food/Drink cake pastel
25%
Weather storm tormenta
25%
Nationalities Indian Indio
19%
Fruits and Vegetables pear pera
19%
Around a City city center centro de la ciudad
13%
Fruits and Vegetables peach durazno
13%
Household Items cupboard armario
6%
Around a City city hall ayuntamiento
6%
Around a City shopping mall centro comercial
6%
No matching quizzes found
Score Distribution
Percent of People with Each Score
Percentile by Number Answered
Your Score History
You have not taken this quiz